000
00285 a2200133 4500
001
60227
082
_a
621.75 CHA
090
_c
36967
_d
36967
100
_a
Chapman W.A .j
245
_a
Workshol Technology P-II
250
_a
4 th
260
_b
Edward Arnold
_c
1985
300
_a
409
942
_a
caenust
_k
621.75 CHA
999
_c
295300
_d
295300